Stochastic differential equations with Markovian switching

Saved in:
Bibliographic Details
Main Author: Mao, Xuerong
Other Authors: Yuan, Chenggui
Format: Book
Language:English
Published: London : Imperial College Press, c2006
Subjects:
Tags: Add Tag
No Tags, Be the first to tag this record!

MARC

LEADER 00000nam a2200000 i 4500
001 1/54351
008 070910s2006 eng d
020 |a 1-86094-701-8 
035 |l 10090549 
040 |a GR-MY-UA  |b gre  |e aacr 
041 0 |a eng 
082 0 |a 519.2  |2 (22) 
100 1 |a Mao, Xuerong. 
245 1 0 |a Stochastic differential equations with Markovian switching /  |c Xuerong Mao, Chenggui Yuan 
260 |a London :   |b Imperial College Press,   |c c2006 
300 |a xviii, 409 σ.;  |c 24 εκ. 
504 |a Περιλαμβάνει βιβλιογραφικές παραπομπές (σ. 395-405) και ευρετήριο 
650 0 0 |a Stochastic differential equations. 
650 0 0 |a Markov processes. 
700 1 |a Yuan, Chenggui. 
852 |a INST  |b SAMOS  |e 20070910  |h 519.2 MAO  |p 005300026996  |q 005300026996  |t BK  |y 0 
901 |a BIBL3-2007-3 
909 |a Σ  |b 138989 
922 |a 3ΕΛΗ  |b 200708  |c ΕΠΕΑΕΚ2/ΤΣΑΕ  |d ΕΛΕΥΘΕΡΟΥΔΑΚΗΣ 
970 |a ΡΟΥΣΣΟΥ  |b ΚΩΝΣΤΑΝΤΙΝΑ  |z 2007/09/10